|
|
|
|
| LEADER |
00979nam a2200241 a 4500 |
| 001 |
677586 |
| 008 |
091108s1994 nyu b 001 0 eng d |
| 010 |
|
|
|a 95131758
|
| 020 |
|
|
|a 0745014321
|
| 020 |
|
|
|a 0133026396
|
| 040 |
|
|
|a DLC
|c DLC
|
| 082 |
0 |
0 |
|a 337/.09172/4
|2 21
|
| 100 |
1 |
|
|a Williams, Marc.
|
| 245 |
1 |
0 |
|a International economic organisations and the Third World /
|c Marc Williams.
|
| 260 |
|
|
|a New York :
|b Harvester-Wheatsheaf,
|c 1994.
|
| 300 |
|
|
|a xiii, 229 p. ;
|c 23 cm.
|
| 504 |
|
|
|a Includes bibliographical references and index.
|
| 541 |
1 |
|
|e 00009756
|
| 651 |
|
0 |
|a Developing countries
|x Foreign economic relations.
|
| 650 |
|
0 |
|a International agencies
|z Developing countries.
|
| 852 |
4 |
|
|a Ayesha Abed Library
|j General Shelf
|
| 999 |
|
|
|c 5698
|d 5698
|
| 952 |
|
|
|0 0
|1 0
|2 ddc
|4 0
|6 337_091724000000000_WIL_1994
|7 0
|9 5629
|a BRACUL
|b BRACUL
|c GEN
|d 2009-11-21
|g 0.00
|l 3
|m 1
|o 337.091724 WIL
|p 3010009756
|r 2010-05-26
|s 2010-05-19
|t 1
|w 2009-11-21
|y BK
|x No price found in the accession register.
|